[Event "IOM Open-Masters 2017"]
[Site "Douglas"]
[Date "2017.09.27"]
[Round "5"]
[White "Hemant, Sharma"]
[Black "Heimisson, Hilmir Freyr"]
[Result "1/2-1/2"]
[WhiteElo "2342"]
[BlackElo "2185"]
[Annotator "TA"]
[PlyCount "115"]
[EventDate "2017.??.??"]
[EventType "swiss"]
[EventCountry "GBR"]
[SourceTitle "playchess.com"]
[Source "ChessBase"]
[SourceQuality "1"]

{[%evp 18,115,-12,-20,0,0,23,0,0,8,26,24,24,23,21,9,37,9,9,11,16,3,2,0,8,0,0,0,0,0,0,0,0,0,0,0,0,0,0,0,8,8,9,0,0,0,0,0,0,0,0,0,0,0,0,0,0,0,0,0,0,0,0,0,0,0,0,0,0,0,0,0,0,0,0,0,0,0,0,0,0,0,0,0,0,0,497,0,0,0,0,0,0,0,0,0,0,0,0,0]} 1. c4 c5 2. Nc3 Nc6 3. g3 g6 4. Bg2 Bg7 5. a3 e6 6. Rb1 Nge7 7. b4 cxb4 8. axb4 O-O {A36: Symmetrical English vs ...g6: 4 Bg2 Bg7} 9. Nf3 d5 10. cxd5 {LiveBook: 3 Games} Nxd5 (10... exd5 11. b5 Na5 12. Ba3 d4 13. Ne4 Nc4 14. Bb4 Re8 15. Qb3 Be6 16. Nfg5 {0-1 (30) Lie,K (2537)-So,W (2822) chess.com INT 2017}) 11. Nxd5 exd5 12. O-O Bf5 $146 ({Predecessor:} 12... Re8 13. b5 Ne7 14. Bb2 d4 15. Qa4 Nf5 16. Rfe1 {1-0 (60) Jakobsen,L-Nielsen,T (2250) Vejgaard 1992}) 13. d3 Re8 14. b5 Nd4 15. Nxd4 Bxd4 16. e3 (16. Bb2 {with more complications.} Bb6 17. Qd2 f6 18. Rfc1 Kg7 19. e3) 16... Bf6 17. Bb2 Bxb2 18. Rxb2 Qd7 19. Rb4 Rac8 20. Qb3 Be6 21. Qa3 b6 22. h4 h5 23. Rbb1 Rc5 24. d4 Rc7 25. Rfc1 Rec8 26. Bf1 Bf5 27. Rxc7 Rxc7 28. Rc1 Qc8 29. Rxc7 Qxc7 30. Qb2 Kh7 31. Be2 Be4 32. Kh2 Qc8 33. f3 Bf5 34. Kg2 Kg7 35. Kf2 Qc7 36. Qa2 Be6 37. Qd2 Bf5 38. Qa2 Be6 39. Qd2 Bf5 40. Bd3 Bxd3 41. Qxd3 $11 {[%mdl 4096] Endgame KQ-KQ} Qc1 42. e4 dxe4 43. fxe4 Qb2+ 44. Kf3 Qc1 45. d5 Qh1+ 46. Ke3 {[#] d6 is the strong threat.} Qc1+ 47. Kf3 {Black must now prevent d6.} Qh1+ 48. Ke2 {Hoping for d6.} Qg2+ 49. Kd1 {And now d6 would win.} Qg1+ 50. Kc2 Kf8 $1 51. Kb3 Qa1 $2 {[%mdl 8192] [#]} (51... Qe1 $11) 52. Qc2 $2 (52. d6 $1 $18 {[%cal Rd6d7] Threatens to win with d7.} Ke8 53. Qc2) 52... Qd4 {The position is equal.} 53. Qc8+ Ke7 54. Qc7+ Kf8 55. Qc8+ Ke7 56. Qc7+ Kf8 57. Qd6+ Kg8 58. Qb8+ {Precision: White = 55%, Black = 85%.} 1/2-1/2

[Event "IOM Open-Masters 2017"]
[Site "Douglas"]
[Date "2017.09.27"]
[Round "5"]
[White "Ragnarsson, Dagur"]
[Black "Zumsande, Martin"]
[Result "0-1"]
[WhiteElo "2340"]
[BlackElo "2471"]
[Annotator "TA"]
[PlyCount "138"]
[EventDate "2017.??.??"]
[EventType "swiss"]
[EventCountry "GBR"]
[SourceTitle "playchess.com"]
[Source "ChessBase"]
[SourceQuality "1"]

{[%evp 26,138,16,11,25,23,48,18,18,0,-16,-8,0,-19,0,0,0,0,0,-24,0,0,-16,-27,0,0,0,0,-4,-7,0,-1,10,-84,-98,-99,-91,-92,-95,-92,-106,-175,-170,-163,-162,-177,-172,-248,-256,-266,-266,-264,-258,-311,-296,-296,-294,-311,-306,-312,-311,-304,-303,-295,-300,-507,-502,-477,-487,-11752,-12787,-11869,-12625,-6359,-4770,-4144,-4137,-12787,-4137,-4137,-4137,-12168,-12836,-29950,-4137,-10188,-4137,-29967,-29968,-29962,-4137,-29965,-29965,-29971,-29973,-29968,-4137,-29974,-29975,-29975,-29976,-29976,-29977,-29979,-29977,-29983,-29983,-29987,-29988,-29988,-29989,-29989,-29990,-29990,-29991]} 1. Nf3 d5 2. g3 Nf6 3. Bg2 e6 4. O-O Be7 5. d3 O-O 6. Nbd2 c5 7. e4 Nc6 8. Re1 b5 9. e5 Nd7 10. Nf1 b4 11. h4 a5 12. h5 {C00: French: Unusual White 2nd moves} (12. Bf4 a4 13. a3 bxa3 14. bxa3 Re8 15. Ne3 Bb7 16. h5 Bf8 17. Rb1 Rb8 18. c4 dxc4 19. dxc4 Qc7 20. Qxa4 Nd4 21. Nd2 Bxg2 22. Nxg2 {½-½ (38) Giri,A (2785)-So,W (2815) chess.com INT 2017}) 12... Ba6 13. h6 g6 14. N1h2 {LiveBook: 5 Games. The position is equal.} Qc7 {[%cal Rd7e5]} 15. Ng4 Rfc8 16. Bf4 Qd8 17. Qc1 $146 ({Predecessor:} 17. Qd2 a4 18. Bg5 Bxg5 19. Nxg5 Nd4 {½-½ (64) Kunz,A (2011)-Sawlin,L (2143) Berlin 2014}) 17... Nd4 18. Ngh2 a4 19. Qd1 b3 20. cxb3 axb3 {aiming for ...Nc2.} 21. Nxd4 cxd4 22. Nf3 Qb6 (22... bxa2 {is interesting.} 23. Rxa2 Qb6 24. Bf1 Bb5 25. Rxa8 Rxa8 26. Bg5 Bb4) 23. Qxb3 Qxb3 24. axb3 Bxd3 25. Nxd4 Rxa1 26. Rxa1 g5 27. Bd2 Nxe5 28. Bc3 Bd6 29. f4 (29. b4 $11 {keeps the balance.}) 29... gxf4 $17 30. gxf4 {[#] Strongly threatening Bf1.} Ng6 $1 $36 {[%mdl 2048] White is under strong pressure.} 31. f5 Nf4 {And now ...e5 would win.} 32. fxe6 fxe6 {Hoping for ...e5.} 33. Nxe6 (33. Bf3 $17) 33... Nxe6 $19 34. Bxd5 Kf7 35. Re1 Re8 36. Be5 (36. Kh1 {might work better.}) 36... Bxe5 37. Rxe5 Kf6 38. Re3 Bf5 39. Kf2 Rd8 40. Bc4 Rd2+ 41. Re2 Rd4 42. Ke3 Rh4 43. Kd2 Rxh6 44. b4 Rh4 45. Kc3 $2 (45. b3) 45... Rh3+ 46. Kd2 Nd4 47. Re3 (47. Rf2 $142) 47... Rxe3 48. Kxe3 Nc2+ 49. Kd2 Nxb4 50. Kc3 Nc6 51. b4 Ne5 52. Bf1 Be4 53. Kd4 Kf5 54. b5 Kf4 (54... h5 $142 55. Kc5 Nf7 56. Kb6 h4 57. Kc7 Ke5 58. b6 Nd6 59. Bh3 Bf3 60. Kb8 Kd4 61. Kc7 Kc5 62. Kd7 Bd5 63. Kc7 Bc6 64. Bf1 Ne8+ 65. Kc8 Nd6+ 66. Kd8 Kxb6 67. Ke7 Ne4 68. Ke6 Nf2 69. Ke5 h3 70. Bxh3 Nxh3 71. Kf5 Kc5 72. Ke5 Bb7 73. Ke6 Kd4 74. Kf6 Bc8 75. Kg6 Ke5 76. Kg7 Bd7 77. Kh7 Be8 78. Kg7 Ke6 79. Kh8 Kf6 80. Kh7 Bf7 81. Kh8 Be8 82. Kg8 Bg6 83. Kf8 Ng5 84. Kg8 Nf7 85. Kf8 Nd8 86. Kg8 Nf7 87. Kf8 Bh7 88. Ke8 Bf5 89. Kf8 Bh7 90. Ke8 Bf5 91. Kf8 Bh7) 55. Kc5 h5 {[%cal Bh7h5,Bh5h4][%mdl 32]} 56. Kd6 h4 57. b6 Nf3 (57... Ng4 $142 58. Ba6 h3 59. b7 {[#]} Bxb7 $1 {[%mdl 512]} 60. Bxb7 Ne3 61. Bh1 h2 62. Ke6 Kg3 63. Ke5 Kf2 64. Kd4 Nf5+ 65. Kc3 Kg1 66. Bb7 Nh4 67. Kd3 Ng2 68. Kd4 h1=Q 69. Bxg2 Qxg2 70. Kc5 Qg6 71. Kb5 Kf2 72. Kc5 Qe6 73. Kb5 Ke3 74. Kb4 Kd3 75. Kb5 Qd6 76. Ka4 Qb6 77. Ka3 Kc3 78. Ka4 Qb4#) 58. Kc7 Nd2 59. Bh3 Nc4 ({Worse is} 59... Kg3 60. Be6 $11) 60. b7 {[#]} Bxb7 $1 61. Kxb7 {[%mdl 4096] Endgame KB-KN} Kg3 {Black mates.} 62. Be6 Ne5 63. Kb6 Ng4 64. Bd5 h3 65. Kc5 Ne3 66. Bh1 Ng2 67. Kd4 Kh2 68. Kd3 Kxh1 69. Ke2 Kg1 {Precision: White = 34%, Black = 68%.} 0-1

[Event "IOM Open-Masters 2017"]
[Site "Douglas"]
[Date "2017.09.27"]
[Round "5"]
[White "Vaishali R"]
[Black "Esserman, Marc"]
[Result "1/2-1/2"]
[WhiteElo "2329"]
[BlackElo "2453"]
[Annotator "TA"]
[PlyCount "94"]
[EventDate "2017.??.??"]
[EventType "swiss"]
[EventCountry "GBR"]
[SourceTitle "playchess.com"]
[Source "ChessBase"]
[SourceQuality "1"]

{[%evp 22,94,50,1,39,40,35,40,39,0,45,15,6,27,45,36,94,93,83,79,95,48,51,56,72,70,82,35,131,115,135,120,133,93,90,101,99,99,102,104,97,97,99,63,138,79,110,74,75,87,104,47,39,17,24,24,25,0,0,0,0,0,0,7,24,24,25,27,27,6,61,61,60,60,60]} 1. Nf3 Nf6 2. g3 g6 3. Bg2 Bg7 4. O-O O-O 5. d4 d6 6. c4 c6 7. Nc3 Qa5 8. e4 e5 9. d5 cxd5 10. cxd5 b5 {[%cal Bb7b5,Bb5b4][%mdl 32]} 11. Nd2 b4 {E62: King's Indian: Fianchetto: 6...c6 and Panno Variation (6...Nc6) without ...a6} (11... Ba6 12. Re1 Nbd7 13. Nb3 Qc7 14. Bf1 Rab8 15. Bd2 Qc8 16. Rc1 b4 17. Nb5 Bxb5 18. Rxc8 Rfxc8 19. Bxb5 Rxb5 {1-0 (34) Bogdanovich,S (2590)-Alexikov,A (2332) Lutsk 2016}) 12. Nb3 {LiveBook: 8 Games} Qb6 $146 ({Predecessor:} 12... Qc7 13. Ne2 Ba6 14. Bg5 Qc4 15. Re1 Nxe4 16. Rc1 Qd3 17. Bxe4 Qxe4 18. Be7 Re8 19. Bxd6 {1-0 (54) Golubov,S (2439)-Nikitenko,M (2418) Ulaanbaatar 2015}) 13. Be3 Qb7 14. Ne2 a5 15. f3 Bd7 16. Rf2 a4 17. Nd2 Rc8 18. Rc1 Bb5 ({Better is} 18... Na6 $14) 19. Rxc8+ $16 Qxc8 20. Nc1 a3 21. Ndb3 axb2 22. Rxb2 Nbd7 23. Rc2 {[%cal Bb2c2,Bc2c4,Bc4c6][%mdl 32]} Qb7 24. Bf1 Ba4 (24... Nh5 $14) 25. Rc4 Bxb3 26. axb3 Nc5 27. Nd3 Nxd3 28. Qxd3 Nd7 29. Qd2 Rb8 30. Rc6 Nc5 31. Bc4 ({Don't play} 31. Rxd6 $6 Nxb3 32. Qd3 Nd4 $11) 31... Bf8 32. h4 Qa8 (32... Ra8 $14) 33. Qb2 (33. Bxc5 $142 dxc5 34. Ra6) 33... Rc8 34. Bxc5 (34. Rxc8 {feels hotter.} Qxc8 35. Qd2 Qb8 36. Kg2 Qb6 37. Qa2) 34... Rxc6 35. dxc6 dxc5 36. Bd5 (36. c7 $16 Bd6 37. Qd2 (37. Bd5 Qc8 $11) 37... Bxc7 38. Qd7) 36... Bd6 $14 37. Qe2 Qa1+ 38. Kg2 {[#] c7! is the strong threat.} Kg7 39. h5 gxh5 40. Qd2 f6 41. Be6 Qd4 42. Qa2 {[#] Threatening mate with Qa7+.} c4 43. Bxc4 Bc5 44. Kh3 $36 {[%mdl 2048] White has good play.} Qd1 45. Be6 Qh1+ (45... Qxf3 $11 46. c7 Bf2 47. Qxf2 Qxf2) 46. Qh2 Qxh2+ 47. Kxh2 {Intending c7 and mate.} Bb6 {Precision: White = 43%, Black = 42%.} 1/2-1/2

[Event "IOM Open-Masters 2017"]
[Site "Douglas"]
[Date "2017.09.27"]
[Round "5"]
[White "Enkhtuul, Altan-Ulzii"]
[Black "Pranav Anand"]
[Result "1-0"]
[WhiteElo "2327"]
[BlackElo "2105"]
[Annotator "TA"]
[PlyCount "87"]
[EventDate "2017.??.??"]
[EventType "swiss"]
[EventCountry "GBR"]
[SourceTitle "playchess.com"]
[Source "ChessBase"]
[SourceQuality "1"]

{[%evp 18,87,4,-5,13,16,20,22,15,17,44,17,41,16,72,59,79,30,27,37,30,23,52,48,90,54,55,59,44,38,59,72,84,81,72,-15,0,0,0,0,16,-93,141,88,294,305,373,364,436,385,435,436,403,221,484,484,561,537,1045,556,552,545,516,522,703,702,1188,1014,1265,702,593,567]} 1. d4 Nf6 2. Nf3 e6 3. c4 Bb4+ 4. Nbd2 d6 5. Qc2 Nbd7 6. a3 Bxd2+ 7. Bxd2 O-O 8. g3 b6 9. Bg2 Bb7 10. O-O {LiveBook: 5 Games} Qc8 {E16: Queen's Indian: 4 g3 Bb7 5 Bg2 Bb4+} (10... Be4 11. Qc1 c5 12. b3 d5 13. cxd5 Bxd5 14. Qb2 {½-½ (14) Mirzoeva,E (2356)-Ivanov,M (2397) Novi Sad 2016}) 11. b4 Be4 12. Qb2 $146 ({Predecessor:} 12. Qc3 c5 13. dxc5 dxc5 14. Rfd1 Qb7 15. Bg5 Rac8 16. b5 h6 17. Bc1 Rfd8 18. Bb2 {½-½ (40) Lindstrom,B-Gustavsson,K ICCF email 2003}) 12... Qb7 {The position is equal.} 13. Rfd1 Rfe8 14. Rac1 h6 15. Bc3 Nh7 (15... Rac8 $11) 16. d5 Ndf6 17. Nh4 {aiming for Bxe4.} (17. dxe6 {with more complications.} fxe6 18. Bf1 e5 19. Nd2 Bg6 20. Bg2) 17... Bxg2 18. Nxg2 e5 19. Ne3 Ne4 20. Be1 g6 21. f3 Nef6 22. Qc2 Qc8 23. Nf1 Nh5 24. c5 Qh3 25. cxd6 cxd6 {[#]} 26. Qd2 (26. e4 $1 $16) 26... Ng5 27. Bf2 f5 28. Rc6 Rad8 29. Rc7 (29. Qc2 $11 {keeps the balance.}) 29... Nf6 $2 (29... f4 $17 {keeps the pressure on.} 30. g4 e4) 30. Be3 (30. Rxa7 $142 e4 31. Qc3 (31. f4 Nf3+ 32. exf3 exf3 $17)) 30... Nfh7 $2 (30... Qh5 $16 {was necessary.}) 31. Rxa7 $18 Rc8 32. Rc1 f4 33. gxf4 exf4 34. Rxc8 Qxc8 35. Qd4 $40 {[%mdl 128] White attacks with force.} (35. Bxf4 $142 Qd8 36. Be3) 35... Nf7 $2 (35... Nh3+ {was called for.} 36. Kh1 Re5) 36. Qxf4 {White is clearly winning.} Nhg5 {...Nh3+ is the strong threat.} 37. Qf6 Rxe3 38. Qxg6+ Kf8 {[#]} 39. Rxf7+ $1 {[%mdl 512]} Nxf7 40. Nxe3 Qc1+ 41. Kf2 Qxa3 42. Nf5 {Threatening mate with Qg7+.} Qc3 43. Nxd6 {[%csl Gd6][%cal Rg6f7]} Qd4+ 44. Kg2 {Precision: White = 50%, Black = 21%.} 1-0

[Event "IOM Open-Masters 2017"]
[Site "Douglas"]
[Date "2017.09.27"]
[Round "5"]
[White "Kolbus, Dietmar"]
[Black "Swayams, Mishra"]
[Result "1/2-1/2"]
[WhiteElo "2320"]
[BlackElo "2444"]
[Annotator "TA"]
[PlyCount "81"]
[EventDate "2017.??.??"]
[EventType "swiss"]
[EventCountry "GBR"]
[SourceTitle "playchess.com"]
[Source "ChessBase"]
[SourceQuality "1"]

{[%evp 19,81,43,62,14,16,25,20,27,52,60,52,47,45,54,50,52,60,41,55,36,36,35,36,42,58,47,38,25,25,25,32,32,32,25,32,32,32,1,1,1,1,1,1,1,1,0,0,0,0,0,0,0,0,0,0,0,0,0,0,0,-4,-8,-8,-8]} 1. c4 e6 2. Nf3 Nf6 3. g3 d5 4. Bg2 dxc4 5. Qa4+ Nbd7 6. O-O a6 7. Qxc4 c5 8. Qc2 Bd6 9. d4 O-O {E03: Open Catalan: 5 Qa4+ Nbd7 6 Qxc4} 10. Nc3 Qc7 {LiveBook: 8 Games} 11. Ne4 $146 ({Predecessor:} 11. Rd1 b5 12. d5 e5 13. Ng5 h6 14. Nge4 Nxe4 15. Nxe4 f5 16. Nxd6 Qxd6 {0-1 (46) Topalov,V (2774)-Shengelia,D (2543) Kozloduy 2013}) 11... Nxe4 12. Qxe4 cxd4 13. Nxd4 Nc5 14. Qc2 Bd7 15. b4 e5 16. Nf5 Bxf5 17. Qxf5 Ne6 18. a3 a5 19. Bb2 axb4 20. axb4 Nd4 21. Bxd4 exd4 22. Rxa8 Rxa8 23. Qd5 Rd8 24. Qxb7 Qxb7 25. Bxb7 Bxb4 $11 {[%mdl 4096] Endgame KRB-KRB} 26. Ba6 Bd6 27. Rc1 g6 28. Rc8 Rxc8 {The position is equal.} 29. Bxc8 {KB-KB} f5 30. Ba6 Kg7 31. Kg2 Kf6 32. f4 h6 33. h4 Bb4 34. Kf3 Be1 35. Bc4 g5 (35... h5 {looks sharper.} 36. Kg2 Bc3 37. Kf2 Ba5 38. Kf3 Bd2) 36. hxg5+ hxg5 37. fxg5+ Kxg5 38. Ba6 Bd2 39. Bd3 Kf6 40. g4 fxg4+ 41. Kxg4 {Precision: White = 77%, Black = 84%.} 1/2-1/2

[Event "IOM Open-Masters 2017"]
[Site "Douglas"]
[Date "2017.09.27"]
[Round "5"]
[White "Mannion, Stephen R"]
[Black "Birkisson, Bjorn Holm"]
[Result "1/2-1/2"]
[WhiteElo "2320"]
[BlackElo "2023"]
[Annotator "TA"]
[PlyCount "75"]
[EventDate "2017.??.??"]
[EventType "swiss"]
[EventCountry "GBR"]
[SourceTitle "playchess.com"]
[Source "ChessBase"]
[SourceQuality "1"]

{[%evp 14,75,20,15,17,12,9,-23,-11,-14,0,0,4,0,0,0,0,0,0,-20,-35,-35,-27,-27,-18,-28,-13,-11,-17,-25,-25,-17,-32,-54,0,0,0,0,0,0,0,0,0,0,0,0,0,0,7,0,0,0,0,0,0,0,0,0,8,8,8,8,8,8]} 1. e4 Nc6 2. Nf3 d6 3. d4 Nf6 4. Nc3 e5 5. dxe5 Nxe5 6. Nxe5 dxe5 7. Qxd8+ Kxd8 8. Bg5 {LiveBook: 3 Games. C47: Scotch Four Knights and Four Knights with 4 g3} (8. Bc4 Be6 9. Bxe6 fxe6 10. Bg5 Bb4 11. O-O-O+ Ke7 12. Ne2 h6 13. Bxf6+ gxf6 14. f3 h5 15. g3 a6 16. c3 Bc5 17. Kc2 Rad8 {1-0 (40) Nakamura,H (2787)-Harikrishna,P (2763) chess.com INT 2016}) 8... Be6 9. O-O-O+ Kc8 10. a3 $146 ({Predecessor:} 10. f4 exf4 11. e5 h6 12. Bxf4 Nd7 13. Bg3 Be7 14. Be2 c6 15. Ne4 Nc5 {0-1 (54) Bortnyk,M (2302)-Grib,R (2283) Moscow 2011}) 10... Nd7 11. Be2 f6 12. Be3 c6 13. g3 b5 14. f4 Bc5 15. Bxc5 Nxc5 16. b4 Nb7 $1 17. f5 Bf7 18. g4 Kc7 19. h4 h6 20. g5 Nd6 21. gxf6 gxf6 22. Rhg1 Rhg8 23. Kd2 Rxg1 (23... a5 $15) 24. Rxg1 $11 {The position is equal.} Rg8 25. Rxg8 Bxg8 {[%mdl 4096] Endgame KBN-KBN} 26. Ke3 Bf7 27. Nd1 Nc4+ 28. Bxc4 $1 Bxc4 {KB-KN} 29. Nb2 c5 30. c3 Kb6 31. Nd1 h5 32. Nf2 a5 33. Nh1 axb4 34. axb4 Bf7 35. Nf2 cxb4 36. cxb4 Bc4 37. Nh3 Kc6 38. Ng1 {Precision: White = 71%, Black = 68%.} 1/2-1/2

[Event "IOM Open-Masters 2017"]
[Site "Douglas"]
[Date "2017.09.27"]
[Round "5"]
[White "Ojas Kulkarni"]
[Black "Arkell, Keith C"]
[Result "1/2-1/2"]
[WhiteElo "2289"]
[BlackElo "2415"]
[Annotator "TA"]
[PlyCount "82"]
[EventDate "2017.??.??"]
[EventType "swiss"]
[EventCountry "GBR"]
[SourceTitle "playchess.com"]
[Source "ChessBase"]
[SourceQuality "1"]

{[%evp 9,82,-25,-22,-38,-26,-56,-28,-61,-30,-72,-22,-66,-24,-32,-27,-50,-50,-47,0,-18,-11,-25,-32,-93,-89,-96,-87,-96,-32,-73,-15,-25,0,-1,0,-14,0,-49,0,-9,0,-30,29,2,51,38,43,16,33,0,71,68,184,165,312,366,541,429,447,449,454,452,412,387,331,0,29984,0,0,0,29984,0,0,0,29984]} 1. e4 c6 {[%cal Bc7c6,Bc6c5][%mdl 32]} 2. Nc3 d5 3. Qe2 d4 4. Nd1 e5 5. g3 c5 6. d3 {B11: Caro-Kann: Two Knights Variation} Nc6 7. Bg2 Bd6 8. f4 {Black has an edge.} Nge7 9. Nf3 f6 10. O-O Be6 11. f5 $146 Bf7 12. g4 h6 13. Nf2 b5 14. h4 Nc8 15. a4 bxa4 16. g5 (16. Rxa4 $15 Nb6 17. Ra1) 16... hxg5 $17 17. hxg5 Nb6 $1 18. Ng4 Bh5 ({Black should play} 18... Qe7 $17) 19. Nh4 $15 Kd7 (19... Rh7 $17) 20. Ng6 $11 Rh7 21. Bf3 $36 {[%mdl 2048] White is more active.} Bxg4 22. Bxg4 Kc7 23. Kg2 fxg5 24. Bd2 Be7 25. b3 Bf6 (25... axb3 $142 26. cxb3 a6) 26. bxa4 a5 27. Rfc1 {[%mdl 1024] White has compensation.} Qd6 28. c3 Nd7 29. Rab1 Rh6 (29... Rb8 $11) 30. Be1 $16 Nf8 ({Black should try} 30... dxc3 $1 $14 31. Bxc3 Rb8) 31. Qa2 {Threatens to win with cxd4.} ({Don't do} 31. Qb2 $6 Rb8 $16) (31. Nxf8 $6 Rxf8 32. Rb5 (32. Qb2 Rb8 $14) 32... Rb8) 31... Nxg6 (31... dxc3 {was called for.} 32. Rxc3 Nd7) 32. fxg6 $18 Rah8 (32... Be7 {was worth a try.} 33. cxd4 Rh4 34. Bxh4 gxh4) 33. Bg3 Be7 34. Qc4 {And now Qa6 would win.} dxc3 35. Qa6 {[%csl Gb1][%cal Ra6b6]} Nb4 36. Qa7+ Kc6 37. Rxb4 $2 ({Weaker is} 37. Qxa5 Qxd3 38. Rd1 (38. Qb5+ Qxb5 39. axb5+ Kb6 $17) 38... Qc4 $16) (37. Rxc3 $18 Qc7 38. Qxc7+ Kxc7 39. Bxe5+ Kc6 40. Bxg7 Rh2+ 41. Kg3) 37... axb4 $4 {[%mdl 8192]} (37... cxb4 $11 38. Rxc3+ bxc3 39. Qa6+ Kc7 40. Qa7+ Kd8 41. Qa8+ Kc7 42. Qa7+ Kc6 43. Qa6+ Kc7 44. Qa7+) 38. Qa6+ $2 (38. a5 $1 Rb8 39. Bxe5 $1 {[%mdl 512]} Rb7 40. Bd7+ Kc7 41. Qa8 Kxd7 42. Bxd6 Bf6 43. a6) 38... Kc7 $11 39. Qa7+ Kc6 $2 {[%mdl 8192]} (39... Kd8 $11) 40. Qa6+ $2 (40. a5 $1 {mates} Rb8 {[#]} 41. Bxe5 $1 {[%mdl 512]} Rb7 42. Bd7+ $1 {[%mdl 512]} Kc7 43. Qa8 Kxd7 44. Qxb7+ Kd8 45. Bxd6 Bxd6 46. e5 Bxe5 47. a6 Rh2+ 48. Kf3) 40... Kc7 41. Qa7+ Kc6 $2 {[%mdl 40960] Precision: White = 56%, Black = 38%. . An unexpected result.} (41... Kd8 $11 42. Qa8+ Kc7 43. Qa7+) 1/2-1/2

[Event "IOM Open-Masters 2017"]
[Site "Douglas"]
[Date "2017.09.27"]
[Round "5"]
[White "L'Ami, Alina"]
[Black "Vishnu Prasanna  V"]
[Result "0-1"]
[WhiteElo "2286"]
[BlackElo "2543"]
[Annotator "TA"]
[PlyCount "120"]
[EventDate "2017.??.??"]
[EventType "swiss"]
[EventCountry "GBR"]
[SourceTitle "playchess.com"]
[Source "ChessBase"]
[SourceQuality "1"]

{[%evp 19,120,25,13,23,12,16,22,-25,0,-48,-47,-218,-214,-210,-210,-234,-214,-258,-240,-221,-227,-212,-131,-212,-184,-179,-179,-175,-175,-194,-182,-215,-206,-205,-211,-215,-204,-236,-220,-252,-243,-254,-210,-329,-325,-324,-322,-382,-365,-375,-356,-372,-238,-539,-533,-546,-542,-536,-537,-628,-662,-591,-634,-1406,-1211,-1348,-1442,-1333,-1326,-1305,-1188,-1167,-1098,-1425,-1396,-1289,-1316,-1205,-1199,-1149,-1099,-1117,-1102,-1297,-1285,-2718,-2163,-2212,-2183,-1994,-12827,-5300,-1813,-5708,-3348,-2494,-2097,-2157,-2066,-5704,-2387,-2190,-3538]} 1. d4 d5 2. c4 e6 3. Nc3 Nf6 4. cxd5 exd5 5. Bg5 Be6 6. e3 {D35: Queen's Gambit Declined: Exchange Variation} Nbd7 7. Bd3 c6 8. Nge2 h6 9. Bh4 g5 10. Bg3 Nh5 {LiveBook: 3 Games} 11. O-O $146 ({Predecessor:} 11. Qc2 Nxg3 12. Nxg3 h5 13. Nf5 h4 14. O-O-O {½-½ (43) Karjakin,S (2783)-Meier,G (2630) chess.com INT 2017}) 11... Nxg3 12. Nxg3 Nf6 13. f4 gxf4 14. exf4 Qb6 15. f5 $2 ({Better is} 15. Nge2 $15) 15... Qxd4+ $19 16. Kh1 Bd7 17. Qe2+ Kd8 18. Rad1 Bd6 19. Be4 Qe5 20. Qd2 {[%cal Re4d5]} Rg8 {White must now prevent ...Rxg3.} 21. Bf3 (21. Bxd5 $17 Rxg3 22. hxg3 cxd5 23. Qxh6) 21... Qf4 22. Qxf4 Bxf4 23. Nh5 Bg5 24. g3 Ke7 25. h4 Nxh5 26. Bxh5 {[#]} Bf6 $1 27. Kh2 Be5 28. Ne2 Kf6 29. Rd3 Rae8 30. Nf4 d4 (30... Bxf5 31. Rdf3 $17) 31. Bd1 (31. b4 {keeps fighting.}) 31... Bxf4 ({Weaker is} 31... Bxf5 32. Nh3 $17) 32. Rxf4 c5 33. b4 b6 {[%cal Bb7b6,Bb6c5,Bc5c4][%mdl 32]} 34. bxc5 bxc5 35. Ra3 Re1 36. Ra6+ $2 {[#]} (36. Bf3) 36... Ke5 $1 {Black is clearly winning.} 37. Rxa7 Rxd1 38. Rxd7 {[%mdl 4096] Endgame KRR-KRR} Rb8 39. Rf2 c4 40. Re2+ Kf6 41. Ree7 Rb2+ 42. Kh3 h5 {[%cal Rd1h1]} 43. Rxf7+ Ke5 {[%cal Rd1h1]} 44. Rfe7+ Kxf5 {[%cal Rd1h1]} 45. Rf7+ Ke4 {[%cal Rd1h1]} 46. Rfe7+ Kf3 {[%cal Rd1h1]} 47. Rf7+ Ke3 {[%cal Rd1h1]} 48. Rde7+ Kd2 {( -> ...Kc1)} 49. g4 Rh1+ 50. Kg2 Rxh4 51. gxh5 Rxh5 52. a4 Rg5+ 53. Kf3 d3 54. Rc7 Rb1 55. Rh7 Kc3 (55... Rf1+ $142 56. Ke4 Rg4+ 57. Kd5 Kc3) 56. Rh3 Rf1+ 57. Ke4 Rg4+ 58. Kd5 Rf5+ 59. Ke6 Ra5 60. Rf3 Kc2 {Precision: White = 28%, Black = 84%.} 0-1

[Event "IOM Open-Masters 2017"]
[Site "Douglas"]
[Date "2017.09.27"]
[Round "5"]
[White "Balint, Vilmos"]
[Black "Kavinda, Akila"]
[Result "1-0"]
[WhiteElo "2281"]
[BlackElo "2099"]
[Annotator "TA"]
[PlyCount "47"]
[EventDate "2017.??.??"]
[EventType "swiss"]
[EventCountry "GBR"]
[SourceTitle "playchess.com"]
[Source "ChessBase"]
[SourceQuality "1"]

{[%evp 13,47,5,4,6,12,14,125,104,106,97,107,90,107,55,200,195,195,185,351,128,118,0,402,403,477,467,577,571,614,605,631,646,645,616,5610,5606]} 1. d4 Nf6 2. Bg5 d5 3. e3 g6 4. Bxf6 exf6 5. c4 dxc4 6. Bxc4 Bd6 {D00: Damenbauernspiele} 7. Nc3 O-O {LiveBook: 11 Partien} (7... Nd7 8. Bb3 Nb6 9. Nf3 Qe7 10. O-O O-O 11. h3 Be6 12. e4 Rad8 13. Qc1 Rfe8 14. Re1 {0-1 (50) Rapport,R (2717)-Yu,Y (2729) Danzhou 2016}) 8. Qc2 f5 $146 {Die Stellung ist ausgeglichen.} ({Vorgänger:} 8... Nd7 9. h4 Nb6 10. Bb3 c5 11. dxc5 Bxc5 12. Nge2 Bf5 13. e4 Bg4 14. h5 {0-1 (36) Benkovic,P (2463)-Popovic,D (2448) Subotica 2003}) 9. h4 c5 (9... h5 $11) 10. h5 {Schwarz muss nun 0-0-0 beachten.} cxd4 11. hxg6 hxg6 {[#]} 12. O-O-O $1 Nc6 13. Nf3 (13. exd4 $16 Qg5+ 14. Kb1 Qxg2 15. Bd5) 13... Kg7 (13... Ne5 $1 $14) 14. Nxd4 $18 ({Auf keinen Fall} 14. exd4 $6 f4 $16) 14... Ne5 15. Bb3 $36 {[%mdl 2048] Schwarz steht unter starkem Druck.} Qb6 $2 {[#]} (15... Bd7 16. Qd2 Be7) 16. Ndb5 $2 (16. Qd2 $18 {ist der präzise Gewinnweg.}) 16... Be7 $16 17. Nd4 ({Günstiger ist} 17. f4 $16 Nc6 18. Kb1) 17... Bd7 $2 {[%mdl 8192]} (17... Bd6 $11 {und Schwarz steht sicher.}) 18. Nf3 $18 Nxf3 19. Rxd7 {Weiß steht klar auf Gewinn.} Ne5 20. Rxe7 Qd6 21. Rxb7 Nd3+ 22. Kb1 Nc5 23. Nb5 Qc6 24. Qc3+ {Precision: Weiß = 61%, Schwarz = 26%.} 1-0